| 000 | 00316nam a22001217a 4500 | ||
|---|---|---|---|
| 020 | _a9788131514108 | ||
| 082 |
_a620.101 _bSOU/EN |
||
| 100 |
_aSoutas Little, Robert. W _aInman, Daniel. J _9354 |
||
| 245 | _aEngineering Mechanics Statics | ||
| 260 |
_aNew delhi _bCengage Learning _c2010 |
||
| 300 | _a412 | ||
| 942 | _cBK | ||
| 999 |
_c14262 _d14262 |
||